Az iskolai könyvtárak világnapja ha a szülő nem olvas mesét gyermekének, lelkileg kárt okoz neki - vélik a szakemberek

Bibliographic Details
Main Author: Juhász, Katalin, 1969- (Author)
Format: Article
Language:Hungarian
Subjects:

MARC

LEADER 00000nab a2200000 ar4500
001 vtls008901658
003 SK-MaSNL
005 20260319071403.0
008 061031c20061028xo |||||||| 000 b|hun
015 |a SNBRB2006/10  |2 snkbucl 
038 |a SNKBUCL 
040 |a DSZK  |b slo  |c DSZK  |e AACR2 
041 0 |a hun 
044 |a xo  |c SK 
080 |a 027.8  |x (100)  |2 1997 
100 1 |a Juhász, Katalin,  |d 1969-  |4 aut  |9 102317 
245 1 3 |a Az iskolai könyvtárak világnapja  |b ha a szülő nem olvas mesét gyermekének, lelkileg kárt okoz neki - vélik a szakemberek  |c Juhász Katalin 
611 0 7 |a Svetový deň školských knižníc  |d (2006)  |2 snkbucl  |9 1070129 
773 0 |t Új szó  |g Évf. 59, sz. 249 (28.10.2006), o. 4 
852 |a SNK  |b KIS3GCP 
852 |a DSZK  |b KIS3GCP 
958 |a HU 
999 |c 1759911  |d 1761841